000 00988nam a2200277Ia 4500
003 OSt
005 20220923211203.0
006 a|||||r|||| 00| 0
007 ta
008 220922b |||||||| |||| 00| 0 hin d
020 _a8189654144
_c990
024 _a258,740
037 _b311, 30/06/2011, Vani Prakashan
_cTextual
040 _aARTS
_cARTS
_bhin
041 _2hin
_ahin
082 _aO152,6x, P8
100 _aअपूर्वानंद, संपा.
_9159302
245 0 _aप्रस्तुत प्रश्न
246 _aPrastut prashna
260 _aदिल्ली
_b दानिश बुक्स प्रा0 लि0
_c2008
300 _a354पृ.
_ccm.
650 _a हिन्दी साहित्य
_9156264
650 _aहिन्दी साहित्य
_9156264
942 _hO152,6x, P8
_cTEXL
_2CC
999 _c296525
_d296525